<?xml version="1.0" encoding="UTF-8"?>
<record
    xmlns:xsi="http://www.w3.org/2001/XMLSchema-instance"
    xsi:schemaLocation="http://www.loc.gov/MARC21/slim http://www.loc.gov/standards/marcxml/schema/MARC21slim.xsd"
    xmlns="http://www.loc.gov/MARC21/slim">

  <leader>01642nam a22001697a 4500</leader>
  <datafield tag="999" ind1=" " ind2=" ">
    <subfield code="c">39317</subfield>
    <subfield code="d">39317</subfield>
  </datafield>
  <datafield tag="020" ind1=" " ind2=" ">
    <subfield code="a">9789353579074</subfield>
  </datafield>
  <datafield tag="082" ind1=" " ind2=" ">
    <subfield code="a">327.54</subfield>
    <subfield code="b">PAN-F</subfield>
  </datafield>
  <datafield tag="100" ind1=" " ind2=" ">
    <subfield code="a">Pande, Aparna</subfield>
  </datafield>
  <datafield tag="245" ind1=" " ind2=" ">
    <subfield code="a">From Chanakya to Modi:</subfield>
    <subfield code="b">Evolution of India's Foreign Policy/</subfield>
    <subfield code="c">Aparna Pande</subfield>
  </datafield>
  <datafield tag="260" ind1=" " ind2=" ">
    <subfield code="a">Haryana:</subfield>
    <subfield code="b">Harper</subfield>
    <subfield code="c">2020.</subfield>
  </datafield>
  <datafield tag="300" ind1=" " ind2=" ">
    <subfield code="a">xii, 224p.</subfield>
  </datafield>
  <datafield tag="504" ind1=" " ind2=" ">
    <subfield code="a">Includes index</subfield>
  </datafield>
  <datafield tag="520" ind1=" " ind2=" ">
    <subfield code="a">Foreign policy does not exist in a cultural vacuum. It is shaped by national experience and a country's view of itself. In the case of India, the foreign policy paradigm is as deeply informed by its civilizational heritage as it is by modern ideas about national interest. The two concepts that come and go most frequently in Indian engagement with the world -- from Chanakya in the third century BC to Prime Minister Narendra Modi in 2020 -- are autonomy and independence in decision-making. There are also four trends that we can trace: messianic idealism, realism, isolationism and imperial influences -- ideas that have competed with and complemented each other at various points in time.As India pursues modernity and seeks to exercise influence in the contemporary world, an examination of the nation in the context of its history and tradition is crucial. Aparna Pande's From Chanakya to Modi explores the deeper civilizational roots of Indian foreign policy in a manner reminiscent of Walter Russel Mead's groundbreaking Special Providence (2001). It identifies the neural roots of India's engagement with the world outside. An essential addition to every thinking person's library.</subfield>
  </datafield>
  <datafield tag="650" ind1=" " ind2=" ">
    <subfield code="a">Diplomacy -- India</subfield>
  </datafield>
  <datafield tag="650" ind1=" " ind2=" ">
    <subfield code="a">Narendra Modi - Influence</subfield>
  </datafield>
  <datafield tag="942" ind1=" " ind2=" ">
    <subfield code="2">ddc</subfield>
    <subfield code="c">BK</subfield>
  </datafield>
  <datafield tag="952" ind1=" " ind2=" ">
    <subfield code="0">0</subfield>
    <subfield code="1">0</subfield>
    <subfield code="4">0</subfield>
    <subfield code="7">0</subfield>
    <subfield code="a">NASSDOC</subfield>
    <subfield code="b">NASSDOC</subfield>
    <subfield code="d">2024-03-21</subfield>
    <subfield code="e">Overseas Press India Private Limited</subfield>
    <subfield code="g">288.07</subfield>
    <subfield code="i">20-03-2024</subfield>
    <subfield code="l">1</subfield>
    <subfield code="o">327.54 PAN-F</subfield>
    <subfield code="p">54404</subfield>
    <subfield code="r">2025-11-13 00:00:00</subfield>
    <subfield code="s">2025-09-12</subfield>
    <subfield code="v">399.00</subfield>
    <subfield code="w">2024-05-24</subfield>
    <subfield code="y">BK</subfield>
  </datafield>
</record>
